000 00258nam a22001217a 4500
003 SGT
082 _a823
_bHOS
100 _aHOSSEINI KHALED
245 _aA THOUSAND SPLENDID SUNS
260 _aUK
_bBLOOMSBURY PUB
_c2007
300 _a372
942 _2ddc
_cBK
999 _c33703
_d33703